00646nam a2200181Ia 4500003000900000008004100009040001600050080001500066100001900081245014100100260003200241300001700273490008800290650002300378650001900401650002500420700001900445IN-BaIIA211028s9999 xx 000 0 eng d cIIA Library a539.1bROS aRossi, Bruno B 0aIonization chambers and countersbexperimental techniquescBruno B Rossi and Hans H Staub  aNew YorkbMcGraw-Hillc1949 axviii, 243p. aNational nuclear energy series manhattan project technical section division; vol. 2 aIonization process aNASA thesaurus aNuclear astrophysics aStaub, Hans H.